| 000 | 00796nam a22002057a 4500 | ||
|---|---|---|---|
| 999 |
_c16419 _d16419 |
||
| 003 | AR-CdUCM | ||
| 008 | 190503b ||||| |||| 00| 0 spa d | ||
| 040 |
_aMUNICIPALIDAD PROVINCIAL DEL CUSCO _cBIBLIOTECA MUNICIPAL DEL CUSCO |
||
| 082 |
_a800 / _bSO66 _25ed. |
||
| 100 |
_aSoldevilla, Fernando _935850 |
||
| 245 | _aCompendio de literatura general y de su historia de la literatura Española / | ||
| 260 |
_aParís : _bGarnier hermanos, |
||
| 300 |
_a316 páginas ; _c18 cm |
||
| 505 | _aContenido : Literatura en general -- Literatura preceptiva o retorica -- Del lenguaje -- Del lenguaje figurado -- Del estilo... | ||
| 650 |
_aLiteratura _983 |
||
| 650 |
_aComposiciones oratorias _935851 |
||
| 650 |
_aComposiciones novelescas _935852 |
||
| 942 |
_2ddc _cLIBROS |
||
| 945 |
_awnts _d2019-05-3 |
||